Folk literature of the Caduveo Indians
Kaydedildi:
| Asıl Yazarlar: | , |
|---|---|
| Materyal Türü: | Kitap |
| Dil: | İngilizce |
| Baskı/Yayın Bilgisi: |
Los Angeles
UCLA
1990
|
| Seri Bilgileri: | UCLA. Latin American Studies, 71
|
| Konular: | |
| Etiketler: |
Etiketle
Etiket eklenmemiş, İlk siz ekleyin!
|
MARC
| LEADER | 00000nam a2200000 a 4500 | ||
|---|---|---|---|
| 001 | UCX3311 | ||
| 003 | CL-VaPUC | ||
| 008 | 911024e19900000US |||||||||||||||||eng|d | ||
| 082 | 0 | 4 | |a 398.2 |b WIL |2 21 |
| 100 | 0 | |a Wilbert, Johannes |e author |9 319452 | |
| 700 | 0 | |a Simoneau, Karin |e author |9 319453 | |
| 245 | 1 | 0 | |a Folk literature of the Caduveo Indians |
| 300 | |a 197 p | ||
| 942 | |c BK | ||
| 945 | |d 19911024 00:00:00 | ||
| 260 | |a Los Angeles |b UCLA |c 1990 | ||
| 650 | 7 | |a FOLKLORE |2 CL-VaPUC |9 268291 | |
| 650 | 7 | |a INDIOS DE BRASIL LEYENDAS |2 CL-VaPUC |9 319454 | |
| 651 | 0 | |a Brasil |9 267393 | |
| 583 | |a last modification |c 19911024 00:00:00 |k Rodrigo Vera | ||
| 490 | 0 | |a UCLA. Latin American Studies, 71 | |
| 999 | |c 224107 |d 224105 | ||
| 952 | |0 0 |1 0 |4 0 |6 398_200000000000000_WIL_1990 |7 0 |8 A |9 220506 |a BIBEDU |b BIBEDU |d 2019-11-15 |i 289212K |o 398.2 WIL 1990 |p 289212K |r 2019-11-15 |w 2019-11-15 |y BK |k LIT | ||